Normal view
MARC view
- Artificial intelligence
Entry Topical Term
001 - CONTROL NUMBER
- control field: 139785
003 - CONTROL NUMBER IDENTIFIER
- control field: KE-NaSUL
005 - DATE AND TIME OF LATEST TRANSACTION
- control field: 20250825193721.0
008 - FIXED-LENGTH DATA ELEMENTS
- fixed length control field: 250825|| aca||aabn | a|a d
040 ## - CATALOGING SOURCE
- Original cataloging agency: KE-NaSUL
- Transcribing agency: KE-NaSUL
150 ## - HEADING--TOPICAL TERM
- Topical term or geographic name as entry element: Artificial intelligence
- Form subdivision: Congresses
670 ## - SOURCE DATA FOUND
- Source citation: Work cat.: (KE-NaSUL)100456: International Conference on New Trends in Software Methodologies, Tools and Techniques (7th : 2008 : Shāriqah, United Arab Emirates) 139782, New trends in software methodologies, tools and techniques, 2008.